00543nam a2200193Ia 4500008004100000041001200041082001200053100002900065245004800094260004400142300000800186365000800194520001300202546001200215630004800227650001300275655001300288730004800301101110s9999 xx 000 0 und d aENGLISH bSR28496 aMisra S.K. and Puri V.K. aDevelopment issues of indian economy TYBCom c2006bHimalaya Publishing House, Mumbai a441 b170 aCommerce aENGLISH aDevelopment issues of indian economy TYBCom aCommerce aCommerce aDevelopment issues of indian economy TYBCom